Czego nie potrzebujemy, jeśli mamy smartfon? - Statystyki

Ogólne statystyki
  • Ten quiz został rozwiązany 31 razy
  • Średni wynik to 3 z 8
Statystyki odpowiedzi
Odpowiedź % Poprawnych
Aparatu
72%
Kalkulatora
52%
Mapy
52%
Kalendarza
45%
Kompasu
34%
Radia
24%
Latarki
21%
Odtwarzacza muzyki
10%
Nie znaleziono quizów pasujących do podanych kryteriów
Rozkład punktacji
Procent ludzi z każdym wynikiem
Percentyl według liczby udzielonych odpowiedzi
Twoja historia wyników
Nie rozwiązałeś tego quizu